Knižnica

Saved in:
Bibliographic Details
Main Author: Chanečková, Nina (Author)
Other Authors: Buday, Peter (Thesis advisor)
Format: Manuscript Book
Language:Slovak
Published: 2019
Subjects:
Online Access:http://is.stuba.sk/zp/portal_zp.pl?podrobnosti=144644
https://opac.crzp.sk/?fn=detailBiblioForm&sid=9F8942B94996237AA2FF1DF666DC
Tags: Add Tag
No Tags, Be the first to tag this record!

MARC

LEADER 00000ntm a22000003a 4500
001 stuzp73146
003 SK-STU
005 20230531104348.0
007 ta
008 150427s2015----xo-----f-mn---000-0-slo-d
040 |a STU  |b slo 
041 0 |a slo 
100 1 |a Chanečková, Nina  |u 010180  |k Z4  |4 aut  |U SvF Stavebná fakulta  |T SvF Katedra konštrukcií pozemných stavieb  |X 56658  |U V180  |Y 18  |7 56658 
242 0 1 |a Library  |y eng 
245 1 0 |a Knižnica 
260 |c 2019 
650 4 |a Knižnica  |2 slo 
650 4 |a Pohľadový betón  |2 slo 
650 4 |a Skeletovo-stenový nosný systém  |2 slo 
650 4 |a Petržalka  |2 slo 
650 4 |a Pultová drevená strecha  |2 slo 
650 4 |a Library  |2 eng 
650 4 |a Architectural concrete  |2 eng 
650 4 |a Skeleton structure system  |2 eng 
650 4 |a Petržalka  |2 eng 
650 4 |a Wooden shed-roof  |2 eng 
700 1 |a Buday, Peter  |u 010180  |k Z1  |4 ths  |U SvF Stavebná fakulta  |T SvF Katedra konštrukcií pozemných stavieb  |X 962  |U V180  |Y 18  |7 A000000962 
856 4 |u http://is.stuba.sk/zp/portal_zp.pl?podrobnosti=144644 
856 4 |u https://opac.crzp.sk/?fn=detailBiblioForm&sid=9F8942B94996237AA2FF1DF666DC